00628nam a22001337a 4500003000400000020001800004082001300022100002100035245002900056260003900085300000800124650001600132653034600148SGT a9788189611989 a658, SIN aDR. SINGLA R.K.  aPRINCIPLE OF MANAGEMENT  aNEW DELHI bV.K.INTERPRISES c2011 a247 aMANAGEMENT  aMANAGEMENT AN INTRODUCTION, NATURE OF MANAGEMENT: SOME IMPORTANT ISSUES, PROCESS/FUNCTIONS,ROLES AND SKILLS OF MANAGEMENT, APPROACHES TO MANAGEMENT, PLANNING:CONCEPT, PURPOSE AND PROCESS, KINDS OF PLANS, MANAGEMENT BY OBJECTIVE, DECISION-MAKING CONCEPT AND PROCESS, DEPARTMENTALIZATION MEANING AND BASIS, COORDINATION: NATURE AND IMPORTANCE